000 00576nam a2200169 4500
008 150603b xxu||||| |||| 00| 0 eng d
020 _a0023064218
050 _aQA 39.2 .B366 1989
100 _aBarnett, Raymond A
_d1989
245 _aApplied mathematics :
_bfor business and economics, life sciences and social sciences
250 _a3rd ed.
260 _aCalifornia:
_bDellen Publishing Company,
_c1989
300 _axviii, 1079p.
_bIncludes index
650 _aMathematics
700 _aZiegler, Michael R
942 _2lcc
_cBOOKS
_hQA 39.2 .B366 1989
_01
999 _c1618
_d1618